| 000 | 01063nam a2200325 i 4500 | ||
|---|---|---|---|
| 003 | EG-GICUC | ||
| 005 | 20260408171045.0 | ||
| 008 | 260408s1973 ||| |||fr|||| 00| 0 eng d | ||
| 020 | _a0131930524 | ||
| 040 |
_aEG-GiCUC _beng _cEG-GiCUC _dEG-GiCUC _erda |
||
| 082 | 0 | 4 |
_221 _a343.93 _bFE . C |
| 092 | 0 | 4 | _221 |
| 099 | _aLaw1 10 343.93 FE . C 1973 | ||
| 100 | 1 |
_aFelkenes, George T. _eAuthor. |
|
| 245 | 1 | 4 |
_aThe Criminal Justice System : _bIts Functions and Personnel / _cGeorge T. Felkenes. |
| 264 | 1 |
_a[Place of Publication Not Specified] : _bPrentice-hall, Inc., Englewood Cliffs, New Jersey, _c1973. |
|
| 264 | 3 | _aThe United States of America | |
| 300 |
_a324 pages ; _c24 cm |
||
| 336 |
_2rda content _atext |
||
| 337 |
_2rda media _aComputer |
||
| 338 |
_2rda carrier _aOnline Resource |
||
| 500 | _aIndex | ||
| 546 | _aText in English | ||
| 650 | 1 |
_aCriminal Policy _2qrmak |
|
| 650 | 1 |
_aCriminal Law _2qrmak |
|
| 651 | 1 | _2qrmak | |
| 856 | 4 | 0 | _uhttps://fll.law.cu.edu.eg/fulltext/bks/B10-08922.pdf |
| 905 | _a54 | ||
| 942 |
_2ddc _cBK _e21 _n0 |
||
| 999 |
_c69764 _d69764 |
||